Loading...
| Science - Biology | 0 | 3 | 1 | 1 | 25 | 98 | 116.33 | 0 | 1 |
| Science - Other Science | 0 | 2 | 1 | 1 | 15 | 121 | 132.00 | 0 | 0 |
| History - World History | 0 | 1 | 0 | 0 | 10 | 108 | 108.00 | 0 | 0 |
| Literature - American Literature | 0 | 1 | 0 | 0 | 10 | 26 | 26.00 | 1 | 1 |
| Literature - British Literature | 0 | 1 | 0 | 1 | 10 | 133 | 133.00 | 0 | 0 |
| Mythology | 0 | 1 | 0 | 0 | 10 | 83 | 83.00 | 0 | 0 |
| Other Academic | 0 | 1 | 0 | 0 | 10 | 76 | 76.00 | 0 | 1 |
| Philosophy | 0 | 1 | 0 | 0 | 10 | 67 | 67.00 | 0 | 0 |
| Social Science | 0 | 1 | 0 | 0 | 10 | 83 | 83.00 | 0 | 1 |
| History - European History | 0 | 1 | 0 | 0 | 10 | 70 | 70.00 | 0 | 1 |
| Geography | 0 | 1 | 0 | 0 | 10 | 87 | 87.00 | 0 | 0 |
| Literature - World Literature | 0 | 0 | 1 | 0 | -5 | 0.00 | 0 | 0 |